[Event "Open"]
[Site "Davos SUI"]
[Date "2008.08.10"]
[Round "1"]
[White "Sieber,W"]
[Black "Markosian,D"]
[Result "0-1"]
[WhiteElo "1867"]
[BlackElo "2501"]

1.e4 d6 2.d4 Nf6 3.Nc3 e5 4.Nf3 Nbd7 5.h3 Be7 6.Bc4 O-O 7.O-O c6 8.Be3 b5
9.Bd3 a6 10.Ne2 Bb7 11.Ng3 Re8 12.c3 Bf8 13.Nf5 exd4 14.Bxd4 c5 15.Bxf6 Nxf6
16.c4 b4 17.Qc2 Nxe4 18.Rfe1 Ng5 19.Rxe8 Nxf3+ 20.gxf3 Qg5+ 21.Ng3 Rxe8 22.Bxh7+ Kh8
23.Bd3 Bxf3 24.Kh2 Re6 25.Rg1 Qf4 26.Bf1 g6 27.a3 bxa3 28.bxa3 Bg7 29.Bd3 Bd4
30.Rf1 Bc6 31.Qd1 Bxf2 32.Qg4 Qxg3+ 33.Qxg3 Bxg3+ 34.Kxg3 Re3+  0-1

[Event "ch-Euro Seniors"]
[Site "Davos SUI"]
[Date "2008.08.10"]
[Round "2"]
[White "Gruzmann,B"]
[Black "Beliaeva,N"]
[Result "1-0"]
[WhiteElo "2240"]
[BlackElo "2012"]

1.e4 c6 2.d4 d6 3.Nc3 Nf6 4.Bg5 Qa5 5.Qd2 Nbd7 6.f4 e5 7.Nf3 Be7 8.a4 O-O
9.Be2 Re8 10.O-O exd4 11.Nxd4 Nc5 12.Bf3 Qc7 13.Rae1 Ne6 14.Bh4 Nxd4 15.Qxd4 Ng4
16.Bxe7 Qxe7 17.h3 Nf6 18.Rd1 Rd8 19.e5 Ne8 20.Ne4 d5 21.Ng3 g6 22.b4 Ng7
23.Qd2 Be6 24.Kh2 h5 25.Rfe1 a6 26.Qc3 h4 27.Nf1 Nf5 28.Bg4 Nh6 29.Ne3 Qd7
30.Bxe6 Qxe6 31.Qc5 Kg7 32.c3 Nf5 33.Ng4 Ng3 34.Qb6 Rd7 35.Nf6 Re7 36.Qc5 Rh8
37.c4 dxc4 38.Rd6 Qf5 39.Qxc4 Nh5 40.Kg1 Qxf4 41.Nxh5+  1-0

[Event "Open"]
[Site "Ptuj SLO"]
[Date "2008.08.10"]
[Round "2"]
[White "Biti,A"]
[Black "Biti,O"]
[Result "1/2-1/2"]
[WhiteElo "2102"]
[BlackElo "2384"]

1.e4 d6 2.d4 Nf6 3.Nc3 e5 4.dxe5 dxe5 5.Qxd8+ Kxd8 6.Bc4 Be6 7.Bxe6 fxe6
8.Nf3 Bd6 9.h3 Ke7 10.Be3 a6 11.O-O Nbd7 12.a3 h6 13.Nd2 Rhf8 14.f4 exf4
15.Bxf4 Bxf4 16.Rxf4 Ne5  1/2-1/2

[Event "XVII TCh-MKD"]
[Site "Struga MKD"]
[Date "2008.08.10"]
[Round "7"]
[White "Kajmakoski,K"]
[Black "Jankov,S"]
[Result "0-1"]
[WhiteElo "2055"]
[BlackElo "2152"]

1.e4 d6 2.d4 c6 3.Nc3 Nf6 4.f3 Nbd7 5.Be3 e5 6.Bc4 Be7 7.Nge2 O-O 8.Qd2 a5
9.a4 b6 10.O-O Ba6 11.Bxa6 Rxa6 12.Ng3 g6 13.d5 cxd5 14.Nxd5 Nxd5 15.Qxd5 Ra8
16.Ne2 Rc8 17.Nc3 Qc7 18.Rfd1 Qc6 19.Rd2 Nc5 20.Qa2 Rfd8 21.Rad1 Kg7 22.Nb5 Ne6
23.Na7 Qc4 24.Qxc4 Rxc4 25.b3 Rc3 26.Bxb6 Ra8 27.Nb5 Rc6 28.Be3 Rd8 29.Kf2 h5
30.Na3 Rdc8 31.Rd5 Nf4 32.Bxf4 exf4 33.Nc4 Rxc4 34.bxc4 Rxc4 35.Rxa5 Rxc2+
36.Kf1 Ra2 37.Ra7 Bh4 38.Ra6 Bf2 39.Raxd6 Be3 40.g4 hxg4 41.fxg4 Rxh2 42.R6d3 Ra2
43.Rxe3 fxe3 44.Rd3 e2+ 45.Ke1 Rxa4 46.Re3 Kf6 47.Kxe2 Kg5 48.Kf3 Ra1 49.Rb3 Kh4
50.Rb7 Rf1+  0-1

[Event "BDO Challenger"]
[Site "Haarlem NED"]
[Date "2008.08.11"]
[Round "3"]
[White "Klein,Da"]
[Black "Lathouwers,R"]
[Result "1-0"]
[WhiteElo "2135"]
[BlackElo "2214"]

1.e4 d6 2.d4 Nf6 3.Nc3 Nbd7 4.Nf3 e5 5.g4 h6 6.g5 hxg5 7.Nxg5 exd4 8.Qxd4 Ne5
9.f4 Nh7 10.Be2 Nxg5 11.fxg5 Bd7 12.Bf4 Ng6 13.Be3 Be7 14.Nd5 Rh3 15.O-O-O Kf8
16.Kb1 Ne5 17.Bf4 Ng6 18.Bc1 Ne5 19.Rdf1 Kg8 20.Rhg1 Rxh2 21.Bd1 Be6 22.Nf6+ Kf8
23.Rh1 Rxh1 24.Rxh1 Ng6 25.Nh5 f6 26.gxf6 Bxf6 27.Rf1 c5 28.Qg1 Bf7 29.Nxf6 gxf6
30.Bh6+ Ke7 31.Bg7 Qg8 32.Bxf6+ Kd7 33.Bg4+ Kc6 34.Rd1 Re8 35.b4 b6 36.b5+ Kc7
37.Qg3 Ne5 38.Qa3 Kb8 39.Be2 Re6 40.Rxd6 Rxf6 41.Rxf6  1-0

[Event "83rd ch-FRA w"]
[Site "Pau FRA"]
[Date "2008.08.11"]
[Round "1"]
[White "Leconte,M"]
[Black "Milliet,S"]
[Result "1/2-1/2"]
[WhiteElo "2346"]
[BlackElo "2357"]

1.e4 d6 2.d4 Nf6 3.Nc3 Nbd7 4.g4 h6 5.h3 e5 6.Be3 c6 7.Bg2 b5 8.a3 exd4 9.Bxd4 Bb7
10.Nge2 Be7 11.O-O O-O 12.Ng3 a5 13.Be3 b4 14.axb4 axb4 15.Rxa8 Bxa8 16.Nce2 d5
17.Qc1 Nxe4 18.Nxe4 dxe4 19.Ng3 Bc5 20.Rd1 Bxe3 21.Qxe3 Qc7 22.Qxe4 c5 23.Qe7 Bxg2
24.Kxg2 Qc6+ 25.f3 Nf6 26.Nf5 Qb5 27.Nd6 Qa4 28.b3 Qa2 29.Rd2 Qa1 30.Qe3 Qa7
31.g5 hxg5 32.Qxg5 Nh7 33.Qe5  1/2-1/2

[Event "FSGM August"]
[Site "Budapest HUN"]
[Date "2008.08.12"]
[Round "11"]
[White "Nguyen Huynh Minh Huy"]
[Black "Eisenbeiser,A"]
[Result "1-0"]
[WhiteElo "2477"]
[BlackElo "2434"]

1.d4 d6 2.e4 Nf6 3.Nc3 e5 4.Nf3 Nbd7 5.Bc4 Be7 6.O-O O-O 7.Re1 a6 8.a4 b6
9.b3 c6 10.d5 Bb7 11.dxc6 Bxc6 12.Bg5 h6 13.Bxf6 Nxf6 14.Nd2 Kh8 15.Nf1 Qc8
16.Qd3 Nd7 17.Bd5 Nc5 18.Qc4 Bxd5 19.Nxd5 Qb7 20.Nfe3 g6 21.b4 b5 22.axb5 axb5
23.Qe2 Nxe4 24.Rxa8  1-0

[Event "IV RC Sport Open"]
[Site "Ceska Trebova CZE"]
[Date "2008.08.12"]
[Round "6"]
[White "Zeberski,J"]
[Black "Voloshin,L"]
[Result "1/2-1/2"]
[WhiteElo "2396"]
[BlackElo "2449"]

1.e4 d6 2.d4 Nf6 3.Nc3 e5 4.dxe5 dxe5 5.Qxd8+ Kxd8 6.Bc4 Be6 7.Bxe6 fxe6
8.f3 Bd6 9.Be3 Ke7 10.Nh3 Nc6 11.Nf2 Nd4 12.O-O-O c5 13.Rd2 h6 14.Nb1 b6
15.c3 Nc6 16.Rhd1 Rad8 17.Na3 Nh5 18.Nc4 Bc7 19.Rxd8 Nxd8 20.Nd3 Nc6 21.a4 Nf4
22.Ne1 Rf8 23.g3 Nh3 24.Kd2 Ng5 25.Ke2 Nf7 26.Nd3 Rd8 27.h4 Kf6 28.g4 g5
29.Rh1 Ne7 30.h5 Nc6 31.Bf2 Nd6 32.Ndxe5 Nxe5 33.Nxe5 Kxe5 34.Bg3+ Kf6 35.e5+ Ke7
36.exd6+ Bxd6 37.Bf2 Bf4 38.Rd1 Rxd1 39.Kxd1 Kd6 40.c4 Be5 41.b3 Bf4 42.Ke2 a5
43.Be1 e5 44.Kd3 Ke6 45.Ke4 Bh2 46.Bc3 Bf4  1/2-1/2

[Event "BDO Challenger"]
[Site "Haarlem NED"]
[Date "2008.08.12"]
[Round "4"]
[White "Croese,C"]
[Black "Lathouwers,R"]
[Result "1-0"]
[WhiteElo "2363"]
[BlackElo "2214"]

1.e4 d6 2.d4 Nf6 3.Nc3 Nbd7 4.Nf3 e5 5.Bc4 h6 6.Bb3 Be7 7.h3 c6 8.g4 b5 9.g5 hxg5
10.Nxg5 O-O 11.dxe5 dxe5 12.Be3 b4 13.Na4 Ba6 14.Rg1 Qa5 15.Qf3 c5 16.Ne6  1-0

[Event "ch-Euro Seniors"]
[Site "Davos SUI"]
[Date "2008.08.13"]
[Round "5"]
[White "Gruzmann,B"]
[Black "Pribyl,Jo"]
[Result "1-0"]
[WhiteElo "2240"]
[BlackElo "2397"]

1.e4 d6 2.d4 Nf6 3.Nc3 e5 4.Nf3 Nbd7 5.Bc4 Be7 6.O-O O-O 7.Qe2 c6 8.a4 b6
9.Rd1 Qc7 10.dxe5 Nxe5 11.Nxe5 dxe5 12.Bg5 h6 13.Bxf6 Bxf6 14.Qf3 a6 15.Ne2 Be7
16.Qg3 Kh8 17.Nd4 Ra7 18.Nf3 Bf6 19.h4 Qe7 20.Bb3 Rd7 21.Rxd7 Bxd7 22.h5 Bc8
23.Rd1 b5 24.axb5 axb5 25.Nh2 Rd8 26.Rxd8+ Qxd8 27.Bxf7 Qd1+ 28.Nf1 b4 29.Qd3 Qxd3
30.cxd3 Bg5 31.Ne3 Bxe3 32.fxe3 c5 33.Kf2 g5 34.hxg6 Kg7 35.Ke2 Ba6 36.Kd2 Kf6
37.g3 Bb5 38.b3 Kg7 39.d4 cxd4 40.exd4 exd4 41.e5 Bf1 42.Be8 Kf8 43.e6 Bh3
44.Bd7 Kg7 45.Kd3 Kxg6 46.Kxd4 Kf6 47.Kc5 Bxe6 48.Bxe6 Kxe6 49.Kxb4 Kf5 50.Kc5 Kg4
51.b4 Kxg3 52.b5 h5 53.b6 h4 54.b7 h3 55.b8=Q+ Kg2 56.Qb2+ Kg1 57.Qc1+ Kg2
58.Qd2+ Kg1 59.Qd1+ Kf2 60.Qh1  1-0

[Event "Independence Cup A"]
[Site "Kyiv UKR"]
[Date "2008.08.13"]
[Round "11"]
[White "Sshedrin,I"]
[Black "Manilyk,A"]
[Result "0-1"]
[WhiteElo "1969"]
[BlackElo "2139"]

1.e4 d6 2.d4 Nf6 3.Nc3 c6 4.f4 Qa5 5.Bd2 e5 6.Nf3 Nbd7 7.dxe5 dxe5 8.fxe5 Ng4
9.e6 fxe6 10.Nd4 Ndf6 11.Be2 Qh5 12.Bxg4 Nxg4 13.Nf3 Bc5 14.Qe2 O-O 15.h3 Bf2+
16.Kd1 Bg3 17.Kc1 Ne5 18.Nxe5 Qxe5 19.Nd1 b5 20.Bc3 Qg5+ 21.Kb1 a5 22.a4 b4
23.Bd2 Qg6 24.Ka2 Ba6 25.Qe3 Bf4 26.Qe1 Qxg2 27.Bxf4 Qxc2 28.Ne3 Qxa4+ 29.Kb1 Bd3+  0-1

[Event "Open"]
[Site "Panevezys LTU"]
[Date "2008.08.13"]
[Round "2"]
[White "Macenis,A"]
[Black "Savickas,A"]
[Result "1/2-1/2"]
[WhiteElo "2128"]
[BlackElo "2351"]

1.e4 d6 2.d4 Nf6 3.Nc3 c6 4.a4 e5 5.Nf3 Nbd7 6.Bc4 Be7 7.O-O O-O 8.Qe2 b6
9.Rd1 Qc7 10.dxe5 Nxe5 11.Nxe5 dxe5 12.f3 Nd7 13.Be3 a6 14.Qf2 Bc5 15.Bxc5 Nxc5
16.a5 Rb8 17.axb6 Qxb6 18.b3 Be6 19.Na4 Nxa4 20.Rxa4 Bxc4 21.Rxc4 Rfc8 22.Qxb6 Rxb6
23.Rd7 Kf8 24.Kf2 Ke8 25.Ra7 c5 26.Ra4 Rcc6 27.Ke3 Kf8 28.Ra5 g6 29.Kd3 Rd6+
30.Kc4 Rd2 31.Kxc5 Rb8 32.c4 Rxb3 33.R5xa6 Kg7 34.Ra2 Rbb2 35.Rxb2 Rxb2 36.Ra1 Rxg2
37.Rc1 Kf6 38.h4 h5 39.Kd6 Rd2+ 40.Kc7 Ke7 41.c5 Rd3 42.Rf1 Rd7+ 43.Kb6 Rd3
44.Kc7 Rd7+  1/2-1/2

[Event "Petrovskaya Ladya IM"]
[Site "Peterhof RUS"]
[Date "2008.08.13"]
[Round "2"]
[White "Fedoseev,Vl3"]
[Black "Skurygin,A"]
[Result "1/2-1/2"]
[WhiteElo "2321"]
[BlackElo "2252"]

1.e4 d6 2.d4 Nf6 3.Nc3 e5 4.dxe5 dxe5 5.Qxd8+ Kxd8 6.Nf3 Bd6 7.Bg5 Be6 8.O-O-O Ke7
9.Nh4 c6 10.Bc4 b5 11.Bxb5 cxb5 12.Nd5+ Kd7 13.Nxf6+ gxf6 14.Bxf6 Nc6 15.f4 Kc7
16.f5 Bd7 17.Bxh8 Rxh8 18.Nf3 Rg8 19.Rd2 Bc5 20.Re1 f6 21.c3 Ne7 22.g3 Bc6
23.Rd3 a5 24.Nd2 Nc8 25.h3 h5 26.Re2 Nd6 27.g4 hxg4 28.Rg3 Nf7 29.Rxg4 Rxg4
30.hxg4 Ng5 31.Kc2 Kd7 32.Kd3 Ke7 33.Re1 Kf7 34.Rc1 a4 35.b4 axb3 36.axb3 Ke7
37.Ra1 Kd7 38.b4 Bb6 39.Rh1 Bd8 40.Rh8 Be7 41.Rg8 Nh3 42.Ke3 Ng5 43.Rh8 Bd8
44.Kd3 Be7 45.Rh2 Kc7 46.Re2 Bf8 47.Rh2 Be7 48.Ke3 Kd7 49.Re2 Kc7 50.Kf2 Kd7
51.Kg3 Kc7 52.Kh4 Kd8 53.Re3 Kc7 54.Kg3 Kb7 55.Kh4 Kc7 56.Re2 Kb7 57.Kg3 Kc7
58.Kf2 Kd7 59.Ke3 Bd8 60.Kd3 Be7 61.Nf1 Nh3 62.Rh2 Ng5 63.Ng3 Kc7 64.Rh8 Kd7
65.Rg8 Bb7 66.Rg7 Ke8 67.Ke3 Bc6 68.Rg8+ Kd7 69.Rh8 Bd8 70.Rh6 Be7 71.Nh5 Nxe4
72.g5 Nxg5 73.Nxf6+ Bxf6 74.Rxf6 Bd5 75.Rb6 Bc4 76.Rg6 Nf7 77.Ke4 Ke7 78.Rb6 Kd7
79.Ra6 Ke7 80.Rg6 Kd7 81.Rb6 Kc7 82.Ra6 Kb7 83.Ra1 Kc6 84.Rd1 Bb3 85.Rd2 Nd6+
86.Kf3 Nxf5 87.Rh2 Bd5+ 88.Kf2 Nd6 89.Rh6 Bc4 90.Ke3 Kd5 91.Rh8 Nf5+ 92.Kf3 Bd3
93.Rc8 Nd6 94.Rc5+ Ke6 95.Ke3 Bc4 96.Rc6 Bd5 97.Ra6 Bb7 98.Ra1 Nf5+ 99.Kd2 Kd5
100.Rg1 e4 101.Rg8 Bc6 102.Rd8+ Ke5 103.Rc8 Bd5 104.Rc5 Nd6 105.Ke3 Nc4+
106.Ke2 Na3 107.Ke3 Kd6 108.Ke2 Bc6 109.Rh5 Nc4 110.Rh6+ Kd5 111.Rh5+ Ne5
112.Ke3 Kd6 113.Rh6+ Kc7 114.Kd4 Nc4 115.Kc5 Bd7 116.Rh1 e3 117.Re1 Kd8 118.Rg1 Ke7
119.Kd4 Kd6 120.Kd3 Ke5 121.Ke2 Kf4 122.Rg8 Bg4+ 123.Kd3 Ne5+ 124.Kc2 Bf5+
125.Kd1 Bd3 126.Rf8+ Ke4 127.Re8 Kd5 128.Rd8+ Ke6 129.Re8+ Kf5 130.Rf8+ Kg4
131.Rg8+ Kf4 132.Rf8+ Kg3 133.Re8 Ng4 134.Ke1 Bc4 135.Re7 Kf4 136.Rd7 Nf2
137.Re7 Ne4 138.Re8 Nxc3 139.Rxe3 Nd5 140.Re8 Nxb4 141.Kd2 Nc6 142.Kc3 Bd5
143.Rc8 Ke5 144.Kb2 Kd4 145.Rh8 b4 146.Rh4+ Be4 147.Kb3 Ke5 148.Rh5+ Bf5
149.Kc4 Kf4 150.Rh6 Be4  1/2-1/2

[Event "FSGM August"]
[Site "Budapest HUN"]
[Date "2008.08.14"]
[Round "13"]
[White "Hansen,TR"]
[Black "Eisenbeiser,A"]
[Result "1/2-1/2"]
[WhiteElo "2423"]
[BlackElo "2434"]

1.e4 d6 2.d4 Nf6 3.Nc3 e5 4.Nf3 Nbd7 5.g3 Be7 6.Bg2 O-O 7.O-O c6 8.a4 Re8
9.h3 Bf8 10.Re1 a5 11.Be3 b6 12.d5 cxd5 13.exd5 Nc5 14.Nb5 Bd7 15.c3 Nfe4  1/2-1/2

[Event "IV RC Sport Open"]
[Site "Ceska Trebova CZE"]
[Date "2008.08.14"]
[Round "8"]
[White "Jackova,J"]
[Black "Voloshin,L"]
[Result "1/2-1/2"]
[WhiteElo "2358"]
[BlackElo "2449"]

1.e4 d6 2.d4 Nf6 3.Nc3 e5 4.Nf3 Nbd7 5.Bc4 Be7 6.O-O O-O 7.Re1 c6 8.a4 b6
9.b3 a6 10.Bd3 Bb7 11.Bb2 Re8 12.Ne2  1/2-1/2

[Event "Open"]
[Site "Davos SUI"]
[Date "2008.08.14"]
[Round "5"]
[White "Curien,N"]
[Black "Markosian,D"]
[Result "0-1"]
[WhiteElo "2235"]
[BlackElo "2501"]

1.d4 d6 2.e4 Nf6 3.Nc3 e5 4.dxe5 dxe5 5.Qxd8+ Kxd8 6.Bg5 Be6 7.g3 Kc8 8.O-O-O Nfd7
9.Bh3 Bxh3 10.Nxh3 Bc5 11.Nd5 Nc6 12.Be3 f6 13.c3 a5 14.g4 h6 15.Rhe1 b6
16.f4 Bxe3+ 17.Rxe3 Re8 18.f5 Ne7 19.Nxe7+ Rxe7 20.Nf2 c6 21.h4 Kc7 22.g5 hxg5
23.hxg5 Rh8 24.Rh1 Rxh1+ 25.Nxh1 fxg5 26.Nf2 Nf6 27.Rg3 g4 28.Nxg4 Nxe4 29.Re3 Nd6
30.f6 gxf6 31.Nxf6 e4 32.Kc2 Re6 33.Ng4 Rg6 34.Rg3 Nf5 35.Rg2 Rxg4  0-1

[Event "Independence Cup G"]
[Site "Kyiv UKR"]
[Date "2008.08.14"]
[Round "1"]
[White "Kovchan,A"]
[Black "Kruppa,Y"]
[Result "1/2-1/2"]
[WhiteElo "2520"]
[BlackElo "2547"]

1.e4 d6 2.d4 Nf6 3.Nc3 c6 4.Nf3 Bg4 5.Be2 e6 6.O-O d5 7.e5 Nfd7 8.Be3 Be7
9.h3 Bh5 10.Ne1 Bxe2 11.Nxe2 O-O 12.Nd3  1/2-1/2

[Event "83rd ch-FRA w"]
[Site "Pau FRA"]
[Date "2008.08.14"]
[Round "4"]
[White "Benmesbah,N"]
[Black "Milliet,S"]
[Result "1/2-1/2"]
[WhiteElo "2210"]
[BlackElo "2357"]

1.e4 d6 2.d4 Nf6 3.Nc3 e5 4.Nf3 Nbd7 5.h3 c6 6.Be3 b5 7.Bd3 Be7 8.O-O O-O
9.dxe5 dxe5 10.Qe2 Qc7 11.a4 b4 12.Nd1 Nc5 13.Nd2 a5 14.f4 Nxd3 15.cxd3 Ba6
16.Rc1 exf4 17.Bxf4 Qd7 18.Nc4 Bc5+ 19.Kh1 Bd4 20.Nde3 Rfe8 21.Qf3 Bxe3 22.Qxe3 Bxc4
23.Rxc4 Rad8 24.Rd1 Nd5 25.Qg3 Nb6 26.Rc2 Nxa4 27.Bg5 Qd6 28.Qg4 Rc8 29.d4 Qg6
30.d5 h5 31.Qg3 Qxe4 32.Bf6 Qg6 33.Qxg6 fxg6 34.d6 b3 35.Rxc6 Rxc6 36.d7 Rcc8
37.dxc8=Q Rxc8 38.Be5 Re8 39.Rd5 Nb6 40.Rb5 Nc4 41.Bc3 a4 42.Rb4 Ne3 43.Rxa4 Rd8
44.Ra7 Rd1+ 45.Kh2 Nf1+ 46.Kg1 Ng3+ 47.Be1 Rxe1+ 48.Kf2 Re2+ 49.Kxg3 Rxb2
50.Rb7 g5 51.Kf3 h4 52.g3 Rh2 53.gxh4 gxh4 54.Kg4 b2 55.Kxh4 Kf8 56.Kg3 Rc2
57.Kf3 Ke8 58.Ke3 Kf8 59.Kf3 Kg8 60.Kg4 Kh7 61.Kh5 Rg2 62.h4 Kg8 63.Rb8+ Kf7
64.Rb7+ Ke6 65.Rb6+ Ke5 66.Rb5+ Kf4 67.Rb4+ Kg3 68.Rb3+ Kh2 69.Rh3+ Kg1 70.Rh1+ Kf2
71.Rf1+ Ke2 72.Re1+ Kd2 73.Rd1+ Kc2 74.Rc1+ Kb3 75.Rc3+ Ka2 76.Ra3+ Kb1 77.Ra1+ Kc2
78.Rc1+ Kd3 79.Rc3+ Ke2 80.Re3+ Kf2 81.Rf3+ Ke1 82.Rf1+ Ke2 83.Re1+ Kf2  1/2-1/2

[Event "Open"]
[Site "Ptuj SLO"]
[Date "2008.08.14"]
[Round "7"]
[White "Kolar,Sr"]
[Black "Biti,O"]
[Result "1-0"]
[WhiteElo "2139"]
[BlackElo "2384"]

1.e4 d6 2.d4 Nf6 3.Nc3 e5 4.Nge2 Be7 5.g3 c6 6.Bg2 b5 7.a3 O-O 8.O-O Nbd7
9.h3 a5 10.f4 Bb7 11.Kh2 b4 12.Na4 Ba6 13.Re1 c5 14.dxc5 dxc5 15.b3 Qc7 16.c4 Bb7
17.Qc2 Bc6 18.Nb2 Qb7 19.fxe5 Nxe5 20.Nf4 Bd6 21.a4 Rae8 22.Nd5 Nh5 23.Re3 Ng6
24.Nd3 Qb8 25.Qf2 Bxd5 26.cxd5 f5 27.exf5 Nh4 28.Nf4 Nxf4 29.Rxe8 Rxe8 30.Bxf4 Bxf4
31.gxf4 Nxf5 32.Rc1 g5 33.Rc4 Nd4 34.Rxc5 Qxf4+ 35.Qxf4 gxf4 36.d6 Rd8 37.Rxa5 f3
38.Bf1 Rxd6 39.Bc4+ Kf8 40.Rd5 Ke7 41.Rxd6 Kxd6 42.Kg3 Nc6 43.Bg8 h6 44.Kxf3 Ke5
45.Kg4 Kf6 46.Bd5 Ne7 47.Bb7 Ke5 48.a5 Kd6 49.Kh5 Kc5 50.Be4 Kb5 51.Kxh6 Nc8
52.h4 Nd6 53.Bd3+ Kxa5 54.Kg6 Nb7 55.h5  1-0

[Event "8th Savaria Summer GM"]
[Site "Szombathely HUN"]
[Date "2008.08.14"]
[Round "1"]
[White "Szabo,Krisz1"]
[Black "Papp,Ga"]
[Result "1-0"]
[WhiteElo "2510"]
[BlackElo "2509"]

1.e4 d6 2.d4 Nf6 3.Nc3 e5 4.Nf3 Nbd7 5.Bc4 Be7 6.O-O O-O 7.Re1 c6 8.a4 h6
9.Ba2 Re8 10.h3 Qc7 11.Nh4 Nf8 12.dxe5 dxe5 13.Nf5 Bxf5 14.exf5 Rad8 15.Qf3 Bb4
16.Qg3 Kh8 17.Be3 N8h7 18.Qh4 Bxc3 19.bxc3 b6 20.a5 bxa5 21.Bc4 Nd5 22.Bc1 f6
23.Qg3 Ng5 24.Bf1 Nf7 25.Re4 Nd6 26.Rea4 Nxf5 27.Qg4 Nd6 28.Rxa5 Ra8 29.c4 f5
30.Qh4 Nf4 31.Be3 Qb8 32.g3 Ng6 33.Qh5 Kh7 34.Rxa7 Rxa7 35.Rxa7 Re7 36.Rxe7 Nxe7
37.c5 Qe8 38.Qf3 Nf7 39.Bc4 Ng5 40.Bxg5 hxg5 41.Qe3 Qg6 42.Qxe5 Qf6 43.Qxf6 gxf6
44.Be6 Kg6 45.Kg2 Kh6 46.Kf3 Kg6 47.Ke3 Kh6 48.Kd4 Kh5 49.Bf7+ Kh6 50.Be8 Kg7
51.c4 Kh6 52.Bxc6 Nxc6+ 53.Kd5 Na7 54.Kd6 g4 55.hxg4 Kg5 56.Kc7  1-0

[Event "ch-Euro Seniors"]
[Site "Davos SUI"]
[Date "2008.08.15"]
[Round "7"]
[White "Nielsen,JorgenG"]
[Black "Pribyl,Jo"]
[Result "1/2-1/2"]
[WhiteElo "2184"]
[BlackElo "2397"]

1.e4 Nf6 2.Nc3 d6 3.d4 e5 4.dxe5 dxe5 5.Qxd8+ Kxd8 6.Nf3 Bd6 7.Bc4 Ke8 8.Ng5 Rf8
9.O-O h6 10.Nf3 a6 11.Re1 Nc6 12.Nd5 Ng8 13.Be3 Be6 14.Nd2 Nge7 15.Nxe7 Kxe7
16.c3 Rfd8 17.Rad1 Bxc4 18.Nxc4 Ke6 19.Kf1 Be7 20.Ke2 b5 21.Nd2 Na5 22.b3 Nb7
23.Nf1 a5 24.Rxd8 Rxd8 25.Rd1 Ra8 26.Nd2 a4 27.b4 Ra6 28.a3 Rc6 29.Rc1 Nd6
30.Kd3 Nc4 31.Nxc4 Rxc4 32.Rc2 h5 33.f3 f5 34.g3 g6 35.h3  1/2-1/2

[Event "ch-Euro Seniors"]
[Site "Davos SUI"]
[Date "2008.08.15"]
[Round "7"]
[White "Tseitlin,Ma"]
[Black "Rukavina,J"]
[Result "1-0"]
[WhiteElo "2438"]
[BlackElo "2414"]

1.e4 d6 2.d4 Nf6 3.Nc3 e5 4.Nf3 Nbd7 5.Bc4 Be7 6.O-O O-O 7.a4 a5 8.h3 c6
9.Re1 exd4 10.Nxd4 Nc5 11.Bf4 Qb6 12.Qd2 Bd7 13.Nb3 Rad8 14.Qe3 Bc8 15.e5 dxe5
16.Bxe5 Ncd7 17.Qxb6 Nxb6 18.Bd3 Nbd5 19.Nxa5 Nb4 20.Bc7 Nxd3 21.Rxe7 Rde8
22.Rxe8 Nxe8 23.Bb6 Nb4 24.Bc5 Nxc2 25.Rc1  1-0

[Event "35th Open"]
[Site "Manresa ESP"]
[Date "2008.08.15"]
[Round "4"]
[White "Fier,A"]
[Black "Di Berardino,D"]
[Result "1-0"]
[WhiteElo "2558"]
[BlackElo "2471"]

1.e4 d6 2.d4 Nf6 3.Nc3 e5 4.Nge2 Nbd7 5.g3 Be7 6.Bg2 O-O 7.O-O c6 8.h3 b5
9.a4 b4 10.Na2 Rb8 11.Bd2 d5 12.exd5 Nxd5 13.c4 bxc3 14.bxc3 Ba6 15.Re1 Bf6
16.dxe5 Nxe5 17.Nf4 Nd3 18.Nxd3 Bxd3 19.Rc1 c5 20.c4 Nb4 21.Nc3 Bg6 22.Bf4 Qxd1
23.Rexd1 Nd3 24.Bxb8 Rxb8 25.Rb1 Nb2 26.Ne4 Bd4 27.Rd2 h6 28.Re2 Rb4 29.h4 Nxa4
30.Rc1 Nb2 31.Nd6 Nd3 32.Rd1 Nb2 33.Rc1 Nd3 34.Rf1 Ne5 35.Be4 Bxe4 36.Rxe4 Rb8
37.Kg2 Rd8 38.Nb7 Rc8 39.Nxc5 Rxc5 40.Rxd4 Nxc4 41.Rd8+ Kh7 42.Rd7 a5 43.Rxf7 a4
44.Ra7 a3 45.Re1 Na5 46.Ree7 Kg6 47.Rxg7+ Kf6 48.Rgf7+ Ke5 49.Rfc7 Rb5 50.Rc3  1-0

[Event "ch-Euro Seniors"]
[Site "Davos SUI"]
[Date "2008.08.16"]
[Round "8"]
[White "Aijala,Jou"]
[Black "Beliaeva,N"]
[Result "1-0"]
[WhiteElo "2157"]
[BlackElo "2012"]

1.e4 c6 2.d4 d6 3.Nc3 Nf6 4.h3 Nbd7 5.Be3 e5 6.Nf3 Qc7 7.Qd2 Be7 8.g4 h6
9.a4 a5 10.g5 hxg5 11.Bxg5 Nb6 12.b3 Bd7 13.Nh4 g6 14.f4 Ng8 15.Bxe7 Nxe7
16.Nf3 exd4 17.Qxd4 O-O-O 18.O-O-O d5 19.e5 Nf5 20.Qf2 Be6 21.Kb2 Nd7 22.Ng5 Rde8
23.Bd3 f6 24.exf6 Nxf6 25.Rde1 Bd7 26.Nf7 Rxe1 27.Rxe1 Rxh3 28.Qc5 Qxf4 29.Qf8+ Ne8
30.Rxe8+ Kc7 31.Re1 Qh4 32.Bxf5 gxf5 33.Qd6+ Kb6 34.Rd1 Be8 35.Ne5 Ka7 36.Qc5+ b6
37.Qd6 Qh6 38.Qc7+ Ka6 39.Qc8+ Ka7 40.Qxe8 Rxc3 41.Kxc3 Qe3+ 42.Kb2  1-0

[Event "VII Open"]
[Site "Ortigueira ESP"]
[Date "2008.08.16"]
[Round "7"]
[White "Dgebuadze,A"]
[Black "Paunovic,D"]
[Result "1/2-1/2"]
[WhiteElo "2562"]
[BlackElo "2539"]

1.e4 d6 2.d4 Nf6 3.Nc3 e5 4.dxe5 dxe5 5.Qxd8+ Kxd8 6.Bc4 Ke8 7.Nf3 Bd6 8.Ng5 Rf8
9.Bd2 h6 10.Nf3 c6 11.O-O-O Ke7 12.h3 Nbd7 13.a4 Nc5 14.Rhe1 Be6 15.Bxe6 Kxe6
16.Nh4 Rfd8 17.Nf5 Bf8 18.g4 g6 19.Ng3 a6 20.a5 Ke7 21.f3  1/2-1/2

[Event "Liga Nacional Ajedrez"]
[Site "Villa Martelli ARG"]
[Date "2008.08.16"]
[Round "2"]
[White "Cuevas,A"]
[Black "Tempone,M"]
[Result "1/2-1/2"]
[WhiteElo "2227"]
[BlackElo "2416"]

1.e4 d6 2.d4 Nf6 3.Nc3 Nbd7 4.g3 e5 5.Bg2 g6 6.Nge2 Bg7 7.O-O O-O 8.h3 b6
9.Bg5 h6 10.Be3 Bb7 11.Qd2 Kh7 12.d5 a5 13.f4 exf4 14.gxf4 Ba6 15.Rf2 Bxe2
16.Rxe2 Re8 17.Bf2 Nc5 18.Rae1 Nfd7 19.Bg3 g5 20.Nb5 gxf4 21.Qxf4 Ne5 22.Nd4 Qg5
23.Qf2 Ned3 24.cxd3 Bxd4 25.Qxd4 Qxg3 26.Re3 Qe5 27.Qc3 Qxc3 28.bxc3 f6 29.Kh2 Re7
30.d4 Nd7 31.Bf3 Rae8 32.Bg4 Nf8 33.Bf5+ Kh8 34.c4 Rg7 35.Rg3  1/2-1/2

[Event "Liga Nacional Ajedrez"]
[Site "Villa Martelli ARG"]
[Date "2008.08.16"]
[Round "2"]
[White "Scarella,E"]
[Black "Blit,J"]
[Result "1-0"]
[WhiteElo "2365"]
[BlackElo "2322"]

1.d4 d6 2.e4 Nf6 3.Nc3 c6 4.g3 e5 5.Nf3 Nbd7 6.a4 a5 7.Bg2 Be7 8.O-O O-O
9.Re1 Re8 10.b3 Bf8 11.Ba3 Qc7 12.Qd3 b6 13.Rad1 Ba6 14.Qd2 c5 15.dxe5 dxe5
16.Nd5 Nxd5 17.exd5 Bd6 18.c4 Rad8 19.Bb2 Bc8 20.Qc3 f6 21.Nh4 Nf8 22.Be4 Qf7
23.Nf5 Bb8 24.Qf3 Kh8 25.Bb1 Bxf5 26.Qxf5 Bd6 27.Kg2 Re7 28.h4 g6 29.Qf3 Kg8
30.h5 f5 31.hxg6 hxg6 32.Rh1 Nh7 33.Rh4 Qf6 34.Rdh1 Rf8 35.Qc3 Rg7 36.Rh6 f4
37.gxf4 Qxf4 38.Qg3 Qxg3+ 39.fxg3 Rf6 40.Re1 Nf8 41.Rxe5 Bxe5 42.Bxe5 Rff7
43.Bxg7 Kxg7 44.Rh4 Rd7 45.Re4 Kf7 46.g4 Rd6 47.Kg3 Rd7 48.Kf4 Rd6 49.Ke5 Ke7
50.Kf4+ Kf7 51.Re3 Rf6+ 52.Kg3 Rd6 53.Rf3+ Kg7 54.g5 Nh7 55.Kg4 Nf8 56.Kf4 Rd8
57.Ke5 Nh7 58.Rg3  1-0

[Event "Open A"]
[Site "Vladimir RUS"]
[Date "2008.08.16"]
[Round "5"]
[White "Danin,A"]
[Black "Zablotsky,S"]
[Result "1/2-1/2"]
[WhiteElo "2469"]
[BlackElo "2514"]

1.e4 d6 2.d4 Nf6 3.Nc3 e5 4.Nf3 Nbd7 5.Bc4 Be7 6.O-O O-O 7.a4 c6 8.Ba2 a5
9.Qe2 exd4 10.Nxd4 Re8 11.Be3 Bf8 12.f3 Ne5 13.Rad1 Qc7 14.Qf2 Ng6 15.Rfe1 Nd7
16.Nf5 Nde5 17.Nd4 b6 18.Nce2 Ba6 19.Nf5 Rab8 20.Ned4 Rbd8 21.Qg3 Nc4 22.Bc1 Kh8
23.h4 Ne7 24.b3 Nxf5 25.Nxf5 Ne5 26.f4 Ng6 27.Bb2 Bc8 28.h5 Rxe4 29.Rxe4 Bxf5
30.Ree1 Ne7 31.h6 f6 32.Bb1 Nd5 33.c3 Bxb1 34.hxg7+  1/2-1/2

[Event "Open A"]
[Site "Vladimir RUS"]
[Date "2008.08.16"]
[Round "5"]
[White "Shaposhnikov,E"]
[Black "Derbenev,A"]
[Result "1-0"]
[WhiteElo "2558"]
[BlackElo "2302"]

1.e4 d6 2.d4 Nf6 3.Nc3 c6 4.a4 Nbd7 5.Nf3 e5 6.Bc4 Be7 7.O-O O-O 8.Re1 h6
9.Ba2 Re8 10.h3 Qc7 11.Nh4 Nf8 12.dxe5 dxe5 13.Qf3 Ne6 14.Nf5 Nd4 15.Nxd4 exd4
16.e5 Bd6 17.Ne4 Nxe4 18.exd6 Nxd6 19.Bf4 Be6 20.Qg3 Bxa2 21.Rxe8+ Rxe8 22.Bxd6 Qa5
23.Rxa2 Qe1+ 24.Kh2 Qb1 25.Ra3 Re1 26.Qg4 Qxb2 27.Rg3  1-0

[Event "8th Savaria Summer GM"]
[Site "Szombathely HUN"]
[Date "2008.08.18"]
[Round "5"]
[White "Vavrak,P"]
[Black "Czebe,A"]
[Result "1/2-1/2"]
[WhiteElo "2474"]
[BlackElo "2480"]

1.d4 d6 2.e4 Nf6 3.Nc3 e5 4.Nge2 Nc6 5.f3 g6 6.Be3 Bg7 7.Qd2 d5 8.dxe5 Nxe5
9.Ng3 Be6 10.Bd4 Nc6 11.exd5 Nxd4 12.dxe6 Nxe6 13.Qxd8+ Rxd8 14.Bc4 Nf4 15.Kf2 O-O
16.Rad1 Nd7 17.Nge4 Nb6 18.Bb3 c5 19.a4 Bd4+ 20.Kg3 Be5 21.Kf2 c4 22.Ba2 a5
23.g3 Ne6 24.Rxd8 Rxd8 25.Rd1 Bd4+ 26.Ke2 Kf8 27.Nb5 Nxa4 28.c3 Bb6 29.Ned6 Nxb2
30.Rd2 Na4 31.Nxb7 Rxd2+ 32.Kxd2 Ng5 33.Ke2 Nh3 34.f4 Ng1+ 35.Kf1 Nf3 36.Ke2 Ng1+
37.Kf1 Nb2 38.N7d6 Nf3 39.h4 Nh2+ 40.Ke2 Bc5 41.Nb7 Bb6 42.N7d6 Ng4 43.Nxc4 Nxc4
44.Bxc4 Ke7 45.Kf3 f5 46.Bb3 Nf6 47.Bc2 h5 48.Na3 Nd5 49.Nb5 Ne3 50.Bb3 Nf1
51.Bc2 Bc5 52.Ba4 Nd2+ 53.Ke2 Ne4 54.Kf3 Bf2 55.Bc2 Be1 56.Bxe4 fxe4+ 57.Kxe4 Bxg3
58.f5 Kf6 59.fxg6 Kxg6 60.c4 Bxh4 61.c5 Bg3 62.Kf3 Bb8 63.Nc3 Kf5 64.c6 Ke5
65.Nb5 a4 66.Ke3 h4 67.Kf3 h3 68.Kf2 Bd6 69.Kf3 Bb8 70.Kf2 Kd5 71.Nc3+ Kxc6
72.Nxa4  1/2-1/2